| 000 | 00525nmm a2200169Ia 4500 | ||
|---|---|---|---|
| 008 | 251105s9999||||xx |||||||||||||||||und|| | ||
| 020 | _a9789560010476 | ||
| 041 | _aspa | ||
| 100 | _aRojas Núñez, Luis | ||
| 245 | 0 | _aCarrizal. Las armas del PCCh, un recodo en el camino | |
| 264 |
_a[Santiago de Chile, Chile] : _bLOM Ediciones, _c2018 |
||
| 300 | _a352 páginas | ||
| 490 | _aSeptiembre | ||
| 650 | _aHistory of the Americas: Latin America | ||
| 856 | _uhttps://public.digitaliapublishing.com/a/127922 | ||
| 942 | _cCF | ||
| 999 |
_c93571 _d93571 |
||